00353nam a2200133Ia 450000500170000000800410001708200150005810000240007324500290009726000480012630000190017465000130019365000130020620240809051949.0240331s9999 xx 000 0 und d bSARa398.2 aSarachchandra, E.R. 4aThe Folk Drama of Ceylon aCeylonbThe Dept. of Cultural Affairsc1966 axiii, 189 p ., aCultural aReligion